Responses for show #7086 - Monday, June 8, 2015

Contestants

Craig Moysey, a business specialist originally from Brockville, Ontario, Canada

Sally Wright, an antiques dealer from Los Angeles, California

Chris Wonderly, a visual information specialist originally from Kansas City, Missouri (whose 1-day cash winnings total $15,900)

Jeopardy! Round responses

HEALTH-RELATED ORGANIZATIONS
THE CENTURY OF THE CRIME
"EA" NON-SPORTS
HEAVY
METAL
SOFT ROCK
    $200 14
(Sally: The Heart As--what is the Heart Association?)
(Alex: Mm. Give me a little more.)

the American Heart Association

Sally
    $200 6
the 21st century

Craig
    $200 9
Eagle

Chris
    $200 1
All Quiet on the Western Front

Craig
    $200 17
silver & gold

Chris
    $200 26
CĂ©line Dion

Chris
    $500 22
the March of Dimes

Sally
    $400 7
the 18th century

Craig
    $400 10
eager

Chris
    $400 2
Dumbledore

Craig
    $400 18
aluminum

Chris
    $400 30
Sunday morning

Chris
    $600 23
the blind

Chris
    $600 8
the 19th century

Chris
    $600 11
earmuffs

Craig
    $600 3
Jack London

Chris
    $600 19
the Victoria Cross

Craig
    $600 29
Cat Stevens

Chris
    $800 24
tuberculosis

Sally
    $800 15
the 17th century

Craig
    $800 12
the eave

Chris
    $800 4
Simon Legree

Craig
    $800 20
iron

Triple Stumper
    $800 28
Air Supply

Triple Stumper
    $1000 25
(Alex: You are right again, and we have less than a minute now to deal with SOFT ROCK.)

the National Kidney Foundation

Sally
    $1000 16
(Alex: Happened in 1305.)

the 14th century

Sally
    $1000 13
earnest

Chris
    $1000 5
The Trial

Craig
    $1000 21
bronze

Sally
    $1000 27
"Summer Breeze"

Chris

Scores at the first commercial break (after clue 15):

Chris Sally Craig
$3,600 $200 $4,400

Scores at the end of the Jeopardy! Round:

Chris Sally Craig
$7,000 $4,500 $5,000

Double Jeopardy! Round responses

ONLY THE LONELY
AMERICAN QUOTATIONS
THE STARS
COURT-LY LOVE
WORLD FACTS
CELEBRITY FILL-INS
(Alex: That's a new one for us.)
    $400 21
(Sally: What is captivity?)
(Craig: What is exodus?)
[Originally ruled incorrect; reversed before Final Jeopardy!]

exile

ChrisSallyCraig
    $400 16
taxes

Craig
    $400 11
Leo

Chris
    $400 25
the Supreme Court

Sally
    $400 6
(Sally: What is Lake Erie?)

Ontario

ChrisSally
    $400 1
Tyler Perry

Craig
    $800 22
(Chris: What is monk?)

hermit

Chris
Triple Stumper
    $800 17
(Chris: Who is Jon Stewart?)

Will Rogers

Chris
Triple Stumper
    $800 12
Cancer

Craig
    $800 26
Agincourt

Chris
    $800 7
the Iberian

Chris
    $800 2
Anderson Cooper

Craig
    $1200 23
the outsiders

Chris
    $1200 18
(Gertrude) Stein

Craig
    $1200 13
(Craig: What is helium?)

hydrogen

ChrisCraig
    $1200 27
Margaret Smith Court

Craig
    $2,000 8
(Chris: What is the Barrier Sea?)

the Coral Sea

Chris
    $1200 3
Lawrence Taylor

Triple Stumper
    $1600 24
(Chris: What is bereft?)
...
(Alex: Less than a minute now, Sally, as you make your selection.)

derelict (delinquent accepted)

ChrisSally
    $1600 19
Booker T. Washington

Chris
    $4,000 14
Sirius

Chris
    $1600 28
The Courtship of Miles Standish

Triple Stumper
    $1600 9
San Marino

Chris
    $1600 4
Frank Ocean

Triple Stumper
    $2000 20
education

Triple Stumper
    $2000 15
the Southern Cross

Craig
    $2000 29
[The end-of-round signal sounds.]

the International Court of Justice

Sally
    $2000 10
the Netherlands

Sally
    $2000 5
(Craig: Ohh, who is Ryan Jack? [Laughs])

Ryan Lewis

Craig
Triple Stumper

Scores at the end of the Double Jeopardy! Round:

Chris Sally Craig
$14,200 $9,700 $9,000

[wagering suggestions for these scores]

Final Jeopardy! Round responses

LITERARY CHARACTERS
(Alex: She started out as Aldonza, but then her name was changed by a famous literary character.)
...
(Alex: [To Sally] Yes, she was named that by Don Quixote.)
CraigWhat is Casanova
$0
SallyWhat is Dulcinea
$9,600
ChrisWhat is Dulcinea?
$5,500
Dulcinea

Final scores:

Chris Sally Craig
$19,700 $19,300 $9,000
2-day champion: $35,600 2nd place: $2,000 3rd place: $1,000

Game dynamics:

Coryat scores:

Chris Sally Craig
$13,800 $9,600 $9,000
23 R
(including 1 DD),
4 W
(including 1 DD)
10 R
(including 1 DD),
2 W
17 R,
2 W

Combined Coryat: $32,400

The J! Archive is created by fans, for fans. The Jeopardy! game show and all elements thereof, including but not limited to copyright and trademark thereto, are the property of Jeopardy Productions, Inc. and are protected under law. This website is not affiliated with, sponsored by, or operated by Jeopardy Productions, Inc. Join the discussion at JBoard.tv.